[Event "47th Biel Master Open"]
[Site "Biel SUI"]
[Date "2014.07.24"]
[Round "10.11"]
[White "Cvitan, Ognjen"]
[Black "Lampert, Jonas"]
[Result "1-0"]
[WhiteTitle "GM"]
[WhiteElo "2535"]
[BlackElo "2421"]
[WhiteFideId "14500086"]
[BlackFideId "1303759"]
[EventDate "2014.07.14"]

1. c4 e5 2. g3 Nf6 3. Bg2 c6 4. d4 exd4 5. Qxd4 d5 6. Nf3 dxc4 7. Qxc4 Na6 8.
O-O Be6 9. Qh4 Be7 10. Nc3 O-O 11. Rd1 Qa5 12. Bd2 Qc7 13. Nd4 Bd7 14. Rac1 Rfe8
15. Qf4 Bd6 16. Qf3 Bg4 17. Qd3 Rad8 18. Qc4 Nc5 19. h3 Bc8 20. Bg5 Qe7 21. b4
Na6 22. b5 cxb5 23. Ndxb5 Be6 24. Qh4 Be5 25. Bf4 Bxf4 26. Qxf4 Nb4 27. Nd6 Nbd5
28. Nxd5 Nxd5 29. Rxd5 Bxd5 30. Nxe8 Bxg2 31. Nxg7 Bxh3 32. Nh5 Rd6 33. g4 h6
34. Kh2 Bxg4 35. Qxg4+ Rg6 36. Rc8+ Kh7 37. Qd4 Qd6+ 38. Qxd6 Rxd6 39. Rc7 Rd2
40. Nf4 Kg7 41. Rxb7 Rxa2 42. Kg3 a5 43. Ra7 a4 44. e3 Ra1 45. Kg2 a3 46. Ne6+
Kf6 47. Nd4 h5 48. Ra6+ Ke5 49. Nc2 Ra2 50. Nxa3 Ke4 51. Ra4+ Kd3 52. Rd4+ Ke2
53. Nb5 Ke1 54. Rf4 1-0

[Event "47th Biel Master Open"]
[Site "Biel SUI"]
[Date "2014.07.24"]
[Round "10.12"]
[White "Donchenko, Alexander"]
[Black "Studer, Noel"]
[Result "1-0"]
[WhiteTitle "IM"]
[BlackTitle "FM"]
[WhiteElo "2499"]
[BlackElo "2375"]
[WhiteFideId "24603295"]
[BlackFideId "1319620"]
[EventDate "2014.07.14"]

1. c4 Nf6 2. g3 c5 3. Bg2 e6 4. Nf3 Qc7 5. O-O a6 6. Nc3 Be7 7. b3 O-O 8. d4
cxd4 9. Nxd4 d6 10. Bb2 Nc6 11. Rc1 Ne5 12. Qd2 Ng6 13. e3 Bd7 14. f4 Rfe8 15.
Kh1 Rac8 16. Bf3 Qb8 17. a4 Bd8 18. Qg2 e5 19. Nc2 e4 20. Be2 Bb6 21. Rcd1 Rcd8
22. h3 Qc8 23. Kh2 Bc6 24. b4 Ne7 25. g4 h6 26. b5 Bd7 27. Rxd6 Be6 28. Rfd1
Rxd6 29. Rxd6 Bc7 30. Rd1 Ng6 31. Qf2 Ba5 32. Qf1 Nh4 33. Nd4 Nf3+ 34. Nxf3 exf3
35. Qxf3 Bxc4 36. Rc1 Bxe2 37. Nxe2 Qe6 38. Bd4 Nd5 39. Rc5 Nxe3 40. Re5 1-0

[Event "47th Biel Master Open"]
[Site "Biel SUI"]
[Date "2014.07.24"]
[Round "10.13"]
[White "Cherniaev, Alexander"]
[Black "Rudolf, Anna"]
[Result "1-0"]
[WhiteTitle "GM"]
[BlackTitle "WGM"]
[WhiteElo "2434"]
[BlackElo "2277"]
[WhiteFideId "4117301"]
[BlackFideId "722855"]
[EventDate "2014.07.14"]

1. e4 e6 2. d3 d5 3. Qe2 Nc6 4. Nf3 dxe4 5. dxe4 e5 6. c3 Nf6 7. b4 Bd6 8. g3 a5
9. b5 Nb8 10. Bg2 Nbd7 11. O-O Qe7 12. a4 Nc5 13. Nbd2 b6 14. Bb2 Bb7 15. Nh4 g6
16. f3 O-O-O 17. Nc4 Kb8 18. Rfd1 Qe6 19. Nxd6 Rxd6 20. Rxd6 Qxd6 21. Bf1 Rd8
22. Ng2 Qd2 23. Qxd2 Rxd2 24. Bc1 Rc2 25. Ne3 Rxc3 26. Bd2 Rb3 27. Bc4 Nfd7 28.
Bxb3 Nxb3 29. Ra2 Nd4 30. Kf2 f5 31. Nd5 fxe4 32. fxe4 Bxd5 33. exd5 Nf6 34. Ke3
Kc8 35. Kd3 Kd7 36. Bc3 Nxd5 37. Rf2 Nxc3 38. Kxc3 Ke7 39. Kc4 Ne6 40. Kd5 Nc5
41. Kc6 Nxa4 42. Kxc7 Ke6 43. Kc6 e4 44. Rd2 Nc3 45. Rd8 Ke5 46. Kxb6 e3 47. Kc6
e2 48. Re8+ Kf5 49. Re3 a4 50. b6 a3 51. b7 1-0

[Event "47th Biel Master Open"]
[Site "Biel SUI"]
[Date "2014.07.24"]
[Round "10.14"]
[White "Zuse, Peter"]
[Black "Gallagher, Joseph G."]
[Result "1/2-1/2"]
[WhiteTitle "FM"]
[BlackTitle "GM"]
[WhiteElo "2279"]
[BlackElo "2484"]
[WhiteFideId "4605306"]
[BlackFideId "1303422"]
[EventDate "2014.07.14"]

1. e4 c5 2. Nf3 d6 3. d4 cxd4 4. Nxd4 Nf6 5. Nc3 a6 6. Bg5 Nbd7 7. f4 Qc7 8. Qf3
h6 9. Bxf6 Nxf6 10. f5 Qc5 11. O-O-O g5 12. Nd5 Nxd5 13. exd5 Bg7 14. Nb3 Qb6
15. c3 Bd7 16. Bd3 O-O-O 17. Rhe1 Bf6 18. Re4 Kb8 19. Rb4 Qa7 20. Na5 b5 21. a4
Qb6 22. Nc6+ Bxc6 23. dxc6 Kc7 24. axb5 axb5 25. Bxb5 Rb8 26. Kc2 Qc5 27. Rd5
Qg1 28. Ra4 Ra8 29. Ba6 Rhb8 30. Rda5 g4 31. Qe2 Bg5 32. Bb7 Rxa5 33. Rxa5 h5
34. f6 Bxf6 35. Rxh5 g3 36. hxg3 Rg8 37. g4 Qa7 38. Qc4 Qf2+ 39. Kb3 Rg5 40. Qa4
Qb6+ 41. Ka2 Qc5 42. Rxg5 Qxg5 43. Qa7 Qd5+ 44. Ka3 Qc5+ 45. Qxc5 dxc5 46. Kb3
Bg5 47. Kc4 Bc1 48. b4 cxb4 49. cxb4 e6 50. b5 f6 51. Kd4 Bd2 52. Ke4 Bc1 1/2-1/2

[Event "47th Biel Master Open"]
[Site "Biel SUI"]
[Date "2014.07.24"]
[Round "10.15"]
[White "Rambaldi, Francesco"]
[Black "Kamber, Bruno"]
[Result "1/2-1/2"]
[WhiteTitle "FM"]
[BlackTitle "FM"]
[WhiteElo "2444"]
[BlackElo "2258"]
[WhiteFideId "20657307"]
[BlackFideId "1300504"]
[EventDate "2014.07.14"]

1. Nf3 d5 2. c4 dxc4 3. Na3 a6 4. Nxc4 b5 5. Ne3 Bb7 6. a4 Nd7 7. d4 Ngf6 8. g3
e6 9. Bg2 c5 10. O-O Be7 11. dxc5 Bxc5 12. Qb3 Qb6 13. a5 Qa7 14. Bd2 O-O 15.
Bb4 Rfd8 16. Bxc5 Nxc5 17. Qb4 Rac8 18. Rac1 Nd5 19. Nxd5 Bxd5 20. Rfd1 Ne4 21.
Qd4 Qa8 22. Rxc8 Rxc8 23. Ne5 Nf6 24. Bxd5 Qxd5 25. Qxd5 Nxd5 26. e4 Nf6 27. f3
g5 28. g4 h5 29. h3 hxg4 30. hxg4 b4 31. b3 Kf8 32. Kf2 Rc5 33. Nc4 Ke7 34. Ke3
Nd7 35. f4 gxf4+ 36. Kxf4 f6 37. Rh1 Ne5 38. Rh7+ Kf8 39. Nxe5 Rxe5 40. Rb7 Rxa5
41. Rxb4 Kf7 42. Rb7+ Kg6 43. b4 e5+ 44. Kg3 1/2-1/2

[Event "47th Biel Master Open"]
[Site "Biel SUI"]
[Date "2014.07.24"]
[Round "10.16"]
[White "Meier, Volker"]
[Black "Vokarev, Sergey"]
[Result "0-1"]
[WhiteTitle "FM"]
[BlackTitle "GM"]
[WhiteElo "2255"]
[BlackElo "2432"]
[WhiteFideId "4605802"]
[BlackFideId "4119711"]
[EventDate "2014.07.14"]

1. e4 c5 2. Nf3 Nc6 3. Bb5 g6 4. O-O Bg7 5. c3 Nf6 6. Re1 O-O 7. h3 Qb6 8. a4 d5
9. e5 Ne8 10. d4 cxd4 11. cxd4 Nc7 12. Nc3 a5 13. Be3 Nxb5 14. axb5 Nb4 15. Qb3
Bd7 16. Nxd5 Qe6 17. Nxe7+ Qxe7 18. d5 Bxb5 19. Nd4 Bd7 20. e6 fxe6 21. dxe6 Be8
22. Rad1 Kh8 23. Qc4 Nc6 24. Nf3 Rxf3 25. gxf3 Ne5 26. Qf4 Bc6 27. Bd4 Nxf3+ 28.
Kf1 Bb5+ 29. Kg2 Nxe1+ 30. Rxe1 Bc6+ 31. Kf1 Rf8 32. Bxg7+ Kxg7 33. Qe5+ Kg8 34.
Qxa5 Qh4 35. Qc5 Qxh3+ 0-1

[Event "47th Biel Master Open"]
[Site "Biel SUI"]
[Date "2014.07.24"]
[Round "10.17"]
[White "Grandadam, Patrik"]
[Black "Rindlisbacher, Lars"]
[Result "1/2-1/2"]
[BlackTitle "FM"]
[WhiteElo "2243"]
[BlackElo "2332"]
[WhiteFideId "682438"]
[BlackFideId "1304178"]
[EventDate "2014.07.14"]

1. Nf3 c5 2. b3 Nc6 3. Bb2 d6 4. d4 cxd4 5. Nxd4 e5 6. Nxc6 bxc6 7. g3 Nf6 8.
Bg2 Qc7 9. O-O Be7 10. c4 O-O 11. Nc3 Be6 12. Rc1 Qd7 13. Na4 Qc7 14. Nc3 Qb7
15. Na4 Nd7 16. Ba3 Qc7 17. Nc3 Nf6 1/2-1/2

[Event "47th Biel Master Open"]
[Site "Biel SUI"]
[Date "2014.07.24"]
[Round "10.18"]
[White "Moeldner, Juergen"]
[Black "Nuri, Kambez"]
[Result "1-0"]
[BlackTitle "FM"]
[WhiteElo "2229"]
[BlackElo "2322"]
[WhiteFideId "4613694"]
[BlackFideId "1311433"]
[EventDate "2014.07.14"]

1. e4 c5 2. Nf3 d6 3. d4 cxd4 4. Nxd4 Nf6 5. Nc3 Nc6 6. Be2 e5 7. Nf3 h6 8. O-O
Be7 9. Nd2 O-O 10. Nc4 Nd4 11. f3 Be6 12. Ne3 Rc8 13. Bd3 Qa5 14. Ncd5 Rfe8 15.
c3 Nc6 16. b4 Qd8 17. Kh1 Nh5 18. g3 Bf8 19. Bd2 g6 20. Qe2 Bg7 21. Rf2 Ne7 22.
Bb5 Rf8 23. Bc4 Kh8 24. Raf1 Bh3 25. Ng2 f5 26. Qd3 b6 27. Nxe7 Qxe7 28. Nh4 Qf6
29. exf5 gxf5 30. Re1 b5 31. Bd5 Rfe8 32. Kg1 Nf4 33. Bxf4 exf4 34. Rfe2 Rxe2
35. Qxe2 Kh7 36. Kh1 Qxc3 37. Qe6 Rf8 38. Ng6 Rh8 39. Nxf4 Rf8 40. Nxh3 1-0

[Event "47th Biel Master Open"]
[Site "Biel SUI"]
[Date "2014.07.24"]
[Round "10.19"]
[White "Antoli Royo, Joaquin Miguel"]
[Black "Ludwig, Peter"]
[Result "1-0"]
[WhiteTitle "IM"]
[WhiteElo "2443"]
[BlackElo "2249"]
[WhiteFideId "2259532"]
[BlackFideId "4651359"]
[EventDate "2014.07.14"]

1. e4 e6 2. d4 d5 3. e5 c5 4. Nf3 Nc6 5. Bd3 cxd4 6. O-O Nge7 7. Bf4 Qb6 8. Nbd2
Ng6 9. Bg3 Bd7 10. h4 Nb4 11. Be2 Rc8 12. Nb3 Rxc2 13. a3 Rxe2 14. Qxe2 Bb5 15.
Qd1 Bxf1 16. axb4 Bc4 17. Nbxd4 Bxb4 18. Qa4+ Ke7 19. h5 Bc5 20. hxg6 Bxd4 21.
Nxd4 Qxd4 22. Qb4+ Ke8 23. Qxb7 1-0

[Event "47th Biel Master Open"]
[Site "Biel SUI"]
[Date "2014.07.24"]
[Round "10.20"]
[White "Benkovic, Petar"]
[Black "Hasenohr, Benedict"]
[Result "0-1"]
[WhiteTitle "IM"]
[WhiteElo "2434"]
[BlackElo "2232"]
[WhiteFideId "922641"]
[BlackFideId "1303309"]
[EventDate "2014.07.14"]

1. Nf3 d5 2. g3 Nf6 3. Bg2 Bf5 4. d3 e6 5. Nh4 Bg4 6. h3 Bh5 7. c4 c6 8. cxd5
Nxd5 9. O-O Be7 10. Nf3 Nd7 11. Re1 O-O 12. e4 N5f6 13. d4 Qb6 14. Nc3 Rad8 15.
Na4 Qa6 16. Qc2 Bb4 17. Nc3 c5 18. Be3 Rc8 19. e5 cxd4 20. Bxd4 Nd5 21. Ng5 Bg6
22. Be4 Be7 23. Bxg6 hxg6 24. Nge4 Nb4 25. Qe2 Qxe2 26. Rxe2 Nc6 27. Rd1 Nxd4
28. Rxd4 Nxe5 29. Kg2 Rfd8 30. Red2 Nc4 31. Rxd8+ Rxd8 32. Rxd8+ Bxd8 33. b3 Ne5
34. f4 Nd7 35. Nb5 a6 36. Nbd6 b6 37. Kf3 Bc7 38. Nc4 Kf8 39. Nb2 Nb8 40. Nd3
Nc6 41. Nc3 Ke7 42. b4 Bd6 43. b5 Nd4+ 44. Ke4 Nxb5 45. Nxb5 axb5 46. h4 Kd7 47.
Kd4 Kc6 48. g4 f6 49. Ke4 b4 50. Nc1 f5+ 51. gxf5 exf5+ 52. Ke3 Kd5 53. Nd3 Kc4
54. Ne5+ Bxe5 55. fxe5 Kd5 56. Kf4 Ke6 57. Kg5 Kxe5 58. Kxg6 f4 59. h5 f3 60.
Kxg7 f2 61. h6 f1=Q 62. h7 Qf6+ 0-1

[Event "47th Biel Master Open"]
[Site "Biel SUI"]
[Date "2014.07.25"]
[Round "11.1"]
[White "Solak, Dragan"]
[Black "Adhiban, Baskaran"]
[Result "0-1"]
[WhiteTitle "GM"]
[BlackTitle "GM"]
[WhiteElo "2639"]
[BlackElo "2610"]
[WhiteFideId "916811"]
[BlackFideId "5018471"]
[EventDate "2014.07.14"]

1. e4 c5 2. Nf3 e6 3. d4 cxd4 4. Nxd4 Nc6 5. Nc3 Qc7 6. Be3 a6 7. Qd2 Nf6 8. f4
Bb4 9. Bd3 Ng4 10. Bg1 O-O 11. Nxc6 bxc6 12. h3 Nf6 13. a3 Be7 14. e5 Nd5 15.
Ne2 c5 16. c4 Nb6 17. O-O-O Bb7 18. Nc3 Rad8 19. Qc2 h6 20. Be3 d5 21. exd6 Rxd6
22. Rhe1 Rfd8 23. g3 Bf6 24. Bh7+ Kh8 25. Rxd6 Qxd6 26. Rd1 Bd4 27. Bxd4 cxd4
28. Ne2 Qc5 29. Bd3 Bc6 30. Kb1 Qh5 31. Qb3 Nd7 32. Qb4 Rb8 33. Qd6 Ba4 34. Rc1
Qc5 35. Qxd4 Qxa3 36. Bc2 Nc5 37. Qd8+ Rxd8 38. bxa3 Rd2 39. Nc3 Bxc2+ 40. Rxc2
Rd3 41. Ne2 Rxa3 42. Ra2 Re3 43. Kc1 Ne4 44. Rc2 Kg8 45. Kd1 Nxg3 46. Nc3 Ne4
47. Nxe4 Rxe4 48. c5 Kf8 49. Kd2 Ke7 50. Ra2 Kd7 51. Rxa6 Rxf4 52. Ke3 g5 53.
Rd6+ Kc7 54. Ra6 h5 55. Ke2 g4 56. hxg4 hxg4 57. Ke3 e5 58. Ke2 f5 59. Re6 g3
60. Rxe5 Re4+ 61. Rxe4 fxe4 62. Ke3 Kc6 63. Kxe4 g2 0-1

[Event "47th Biel Master Open"]
[Site "Biel SUI"]
[Date "2014.07.25"]
[Round "11.2"]
[White "Bartel, Mateusz"]
[Black "Shankland, Samuel L"]
[Result "1/2-1/2"]
[WhiteTitle "GM"]
[BlackTitle "GM"]
[WhiteElo "2644"]
[BlackElo "2632"]
[WhiteFideId "1112635"]
[BlackFideId "2004887"]
[EventDate "2014.07.14"]

1. e4 e5 2. Nf3 Nc6 3. Bb5 Nf6 4. d3 Bc5 5. Nbd2 Nd4 6. Ba4 Qe7 7. c3 Nxf3+ 8.
Nxf3 O-O 9. O-O d6 10. h3 h6 11. Re1 Bb6 12. Bc2 c6 13. a4 Re8 14. a5 Bc7 15. d4
Be6 16. Be3 a6 17. b4 Rad8 18. Qe2 Nd7 19. Qd3 Nf8 20. d5 cxd5 21. exd5 Bc8 22.
Bd2 f5 23. Nd4 Qf6 24. Nxf5 e4 25. Nxh6+ gxh6 26. Rxe4 Rxe4 27. Qxe4 Rd7 28.
Qg4+ Qg7 29. Bxh6 Qxg4 30. hxg4 Re7 31. f3 b6 32. Kf2 bxa5 33. bxa5 Bb8 34. Kg3
Rc7 35. Rc1 Rc5 36. c4 Bc7 37. Re1 Kf7 38. Re4 Ng6 39. Ba4 Ne5 40. Rf4+ Kg6 41.
Bf8 Rxc4 42. Be8+ Kh7 43. Rf6 Bxa5 44. Bxd6 Be1+ 45. Kh3 Bxg4+ 46. Kh2 Bc3 1/2-1/2

[Event "47th Biel Master Open"]
[Site "Biel SUI"]
[Date "2014.07.25"]
[Round "11.3"]
[White "Swiercz, Dariusz"]
[Black "Mikhalevski, Victor"]
[Result "1/2-1/2"]
[WhiteTitle "GM"]
[BlackTitle "GM"]
[WhiteElo "2617"]
[BlackElo "2539"]
[WhiteFideId "1126881"]
[BlackFideId "2801914"]
[EventDate "2014.07.14"]

1. c4 e5 2. Nc3 Bb4 3. g3 Bxc3 4. bxc3 d6 5. Bg2 Nc6 6. d4 Nge7 7. Nf3 O-O 8.
O-O Rb8 9. Ba3 f6 10. c5 Be6 11. cxd6 cxd6 12. Nd2 exd4 13. cxd4 d5 14. e3 Qd7
15. Rb1 Rfe8 16. Qe2 Bh3 17. Bxh3 Qxh3 18. Bxe7 Nxe7 19. Qb5 Rec8 20. Qa4 Nc6
21. Rfc1 Qd7 22. Rc2 Rc7 23. Rbc1 Rbc8 24. Nf3 Kf7 25. Ne1 Ke8 26. Qa3 b6 27.
Nd3 Ne7 28. Rxc7 Rxc7 29. Rxc7 Qxc7 30. h4 Qc2 31. Kg2 Kf7 32. Nf4 Qe4+ 33. Kg1
Qb1+ 34. Kg2 Qe4+ 35. Kg1 Qb1+ 36. Kg2 Qe4+ 1/2-1/2

[Event "47th Biel Master Open"]
[Site "Biel SUI"]
[Date "2014.07.25"]
[Round "11.4"]
[White "Erdos, Viktor"]
[Black "Antipov, Mikhail Al."]
[Result "1-0"]
[WhiteTitle "GM"]
[BlackTitle "GM"]
[WhiteElo "2648"]
[BlackElo "2502"]
[WhiteFideId "719978"]
[BlackFideId "4107012"]
[EventDate "2014.07.14"]

1. e4 c5 2. Nf3 d6 3. Bb5+ Bd7 4. Bxd7+ Qxd7 5. O-O Nc6 6. Qe2 Nf6 7. Rd1 e6 8.
d4 cxd4 9. Nxd4 Nxd4 10. Rxd4 Qc6 11. Rc4 Qd7 12. Nc3 Rc8 13. Be3 Rxc4 14. Qxc4
a6 15. Rd1 Qc6 16. Qxc6+ bxc6 17. Rd4 e5 18. Ra4 d5 19. Bg5 d4 20. Bxf6 gxf6 21.
Ne2 Kd7 22. Rxa6 Bc5 23. b3 h5 24. Ng3 Kc7 25. Kf1 Kb7 26. Ra4 Kb6 27. Nf5 Rg8
28. g3 Rd8 29. Ke2 Kb5 30. h3 Bb6 31. f3 c5 32. g4 Rh8 33. h4 Bc7 34. gxh5 Rxh5
35. Ra7 Kc6 36. Ra8 Rh7 37. a4 Kb7 38. Rg8 1-0

[Event "47th Biel Master Open"]
[Site "Biel SUI"]
[Date "2014.07.25"]
[Round "11.5"]
[White "Rakhmanov, Aleksandr"]
[Black "Donchenko, Alexander"]
[Result "1-0"]
[WhiteTitle "GM"]
[BlackTitle "IM"]
[WhiteElo "2626"]
[BlackElo "2499"]
[WhiteFideId "4173708"]
[BlackFideId "24603295"]
[EventDate "2014.07.14"]

1. d4 Nf6 2. c4 e6 3. Nc3 Bb4 4. e3 c5 5. Bd3 Nc6 6. Ne2 cxd4 7. exd4 d5 8. a3
dxc4 9. Bxc4 Be7 10. O-O O-O 11. Qd3 b6 12. Rd1 Na5 13. Ba2 Bb7 14. Nf4 Rc8 15.
Qh3 Qd6 16. Re1 Nc4 17. Nb5 Qd7 18. Nxa7 Rc7 19. Nxe6 fxe6 20. Bf4 Bd5 21. Bxc7
Qxc7 22. Rac1 Qxa7 23. Bxc4 Rd8 24. Bxd5 exd5 25. Rc8 b5 26. Qe6+ Kf8 27. Re5
Qb7 28. Rxd8+ Bxd8 29. g4 h6 30. h4 Qe7 31. Qf5 Qf7 32. g5 hxg5 33. hxg5 g6 34.
Qc8 Qd7 35. Qxd7 Nxd7 36. Rxd5 Ke7 37. Rxb5 Bb6 38. d5 Kd6 39. a4 Bd4 40. a5 Ne5
41. a6 Nd3 42. Rb7 Bxf2+ 43. Kg2 Bd4 44. a7 Bxa7 45. Rxa7 Nxb2 46. Ra6+ Kxd5 47.
Rxg6 Ke5 48. Rf6 1-0

[Event "47th Biel Master Open"]
[Site "Biel SUI"]
[Date "2014.07.25"]
[Round "11.6"]
[White "Hera, Imre Jr."]
[Black "Ganguly, Surya Shekhar"]
[Result "1/2-1/2"]
[WhiteTitle "GM"]
[BlackTitle "GM"]
[WhiteElo "2561"]
[BlackElo "2619"]
[WhiteFideId "716855"]
[BlackFideId "5002150"]
[EventDate "2014.07.14"]

1. c4 Nf6 2. g3 e6 3. Bg2 d5 4. Nf3 Be7 5. O-O O-O 6. b3 c5 7. Bb2 Nc6 8. e3 a6
9. d4 dxc4 10. bxc4 Rb8 11. Nbd2 cxd4 12. Nxd4 Bd7 13. Nxc6 Bxc6 14. Bxc6 bxc6
15. Be5 Rb7 1/2-1/2

[Event "47th Biel Master Open"]
[Site "Biel SUI"]
[Date "2014.07.25"]
[Round "11.7"]
[White "Banusz, Tamas"]
[Black "Roiz, Michael"]
[Result "1/2-1/2"]
[WhiteTitle "GM"]
[BlackTitle "GM"]
[WhiteElo "2595"]
[BlackElo "2572"]
[WhiteFideId "722413"]
[BlackFideId "2804158"]
[EventDate "2014.07.14"]

1. Nf3 d5 2. c4 d4 3. b4 Bg4 4. e3 e5 5. h3 Bxf3 6. Qxf3 c6 7. Bb2 Bxb4 8. Qg3
Qf6 9. Qg4 Nd7 10. exd4 exd4 11. Bxd4 Qe7+ 12. Qe2 Ngf6 13. Qxe7+ Bxe7 1/2-1/2

[Event "47th Biel Master Open"]
[Site "Biel SUI"]
[Date "2014.07.25"]
[Round "11.8"]
[White "Bartel, Marta"]
[Black "Bok, Benjamin"]
[Result "0-1"]
[WhiteTitle "WGM"]
[BlackTitle "GM"]
[WhiteElo "2328"]
[BlackElo "2586"]
[WhiteFideId "1123009"]
[BlackFideId "1017063"]
[EventDate "2014.07.14"]

1. d4 Nf6 2. Nf3 b6 3. c4 Bb7 4. Nc3 e6 5. a3 d5 6. cxd5 Nxd5 7. Qc2 Be7 8. e4
Nxc3 9. bxc3 O-O 10. Bd3 c5 11. O-O Nd7 12. Bb2 Rc8 13. Qe2 Qc7 14. Rad1 Bf6 15.
e5 Be7 16. Bc1 cxd4 17. cxd4 Qc6 18. d5 exd5 19. Nd4 Qc7 20. Nf5 Nxe5 21. Bb2 f6
22. Rfe1 Bc5 23. Bb1 Rce8 24. Qc2 g6 25. Ne3 Qf7 26. Qb3 d4 27. Qxf7+ Rxf7 28.
Bxd4 Bxd4 29. Rxd4 Rd7 30. Ba2+ Kf8 31. Rxd7 Nxd7 32. h4 Nc5 33. Rd1 f5 34. h5
f4 35. Ng4 gxh5 36. Nf6 Re5 37. Nd7+ Nxd7 38. Rxd7 Re7 39. Rd8+ Kg7 40. Kh2 Kf6
41. Kh3 Re2 42. Rf8+ Kg5 43. Bb1 Re1 0-1

[Event "47th Biel Master Open"]
[Site "Biel SUI"]
[Date "2014.07.25"]
[Round "11.9"]
[White "Molner, Mackenzie"]
[Black "Cvitan, Ognjen"]
[Result "1/2-1/2"]
[WhiteTitle "GM"]
[BlackTitle "GM"]
[WhiteElo "2504"]
[BlackElo "2535"]
[WhiteFideId "2021722"]
[BlackFideId "14500086"]
[EventDate "2014.07.14"]

1. e4 c5 2. Nf3 e6 3. d4 cxd4 4. Nxd4 a6 5. Be2 Nf6 6. Qd3 d6 7. c4 b6 8. Nc3
Bb7 9. f4 Nc6 10. Nxc6 Bxc6 11. O-O Be7 12. Bf3 Rc8 13. Be3 O-O 14. a4 Qc7 15.
Rac1 1/2-1/2

[Event "47th Biel Master Open"]
[Site "Biel SUI"]
[Date "2014.07.25"]
[Round "11.10"]
[White "Sebenik, Matej"]
[Black "Cherniaev, Alexander"]
[Result "1-0"]
[WhiteTitle "GM"]
[BlackTitle "GM"]
[WhiteElo "2516"]
[BlackElo "2434"]
[WhiteFideId "14602296"]
[BlackFideId "4117301"]
[EventDate "2014.07.14"]

1. d4 f5 2. g3 Nf6 3. Bg2 g6 4. Nf3 Bg7 5. O-O O-O 6. b3 c6 7. c4 d6 8. Bb2 Qc7
9. Nbd2 Re8 10. Re1 Na6 11. e4 fxe4 12. Nxe4 Nxe4 13. Rxe4 Bf5 14. Re3 e5 15.
dxe5 dxe5 16. Qe2 e4 17. Bxg7 Qxg7 18. Re1 Nc5 19. Ng5 Re5 20. Nxe4 Bxe4 21.
Bxe4 Nxe4 22. Rxe4 Rxe4 23. Qxe4 Rf8 24. h4 Qf6 25. Re2 Rf7 26. Qe3 a6 27. c5
Kg7 28. Kg2 h5 29. Rd2 Qf5 30. Rd8 Qf6 31. Qd4 Qxd4 32. Rxd4 Kh6 33. b4 Rf5 34.
f4 a5 35. a3 axb4 36. axb4 b6 37. cxb6 Rb5 38. Rd6 Rxb6 39. f5 Rxb4 40. Rxg6+
Kh7 41. Rxc6 Rb5 42. Rf6 Rb3 43. Kf2 Ra3 44. Rg6 Ra5 45. Ke3 Rxf5 46. Rg5 1-0

[Event "47th Biel Master Open"]
[Site "Biel SUI"]
[Date "2014.07.25"]
[Round "11.11"]
[White "Vokarev, Sergey"]
[Black "Rambaldi, Francesco"]
[Result "0-1"]
[WhiteTitle "GM"]
[BlackTitle "FM"]
[WhiteElo "2432"]
[BlackElo "2444"]
[WhiteFideId "4119711"]
[BlackFideId "20657307"]
[EventDate "2014.07.14"]

1. e4 e6 2. d4 d5 3. Nd2 Be7 4. Ngf3 Nf6 5. exd5 exd5 6. Bd3 O-O 7. O-O Bg4 8.
Re1 c5 9. dxc5 Bxc5 10. Nb3 Bd6 11. Bg5 Nbd7 12. c3 h6 13. Bh4 Ne5 14. Be2 Ng6
15. Bg3 Nf4 16. Bxf4 Bxf4 17. Nfd4 Bxe2 18. Qxe2 Bc7 19. Nf5 Re8 20. Qf3 Ne4 21.
Rad1 Qf6 22. Nbd4 Rad8 23. Ne3 Qxf3 24. Nxf3 Bb6 25. Nd4 g6 26. Kf1 f5 27. f3
Nf6 28. Rd3 Kf7 29. Ndc2 f4 30. Ng4 Rxe1+ 31. Kxe1 Nxg4 32. fxg4 Kf6 33. Ke2 Bg1
34. h3 Bc5 35. Kf3 g5 36. Rd2 b5 37. Ke2 a5 38. a3 Ke5 39. Kd3 Rf8 40. Ne1 b4
41. axb4 axb4 42. Rc2 b3 43. Rc1 Ra8 44. c4 Ra4 45. Nf3+ Kd6 46. Rc3 Rb4 47. Nd2
Be3 48. Nf3 Rb6 49. Nd2 Rb4 50. Nf3 Rb8 51. cxd5 Kxd5 52. Rc7 Bc5 53. Rd7+ Ke6
54. Rh7 Bf8 55. Nd4+ Kf6 56. Rc7 Re8 57. Rc6+ Kf7 58. Rc7+ Kg8 59. Kd2 Bb4+ 60.
Kd3 Re3+ 61. Kc4 Rc3+ 62. bxc3 b2 63. cxb4 b1=Q 64. Kc5 Qc1+ 65. Kd6 Qd2 66. Kc5
Qc3+ 0-1

[Event "47th Biel Master Open"]
[Site "Biel SUI"]
[Date "2014.07.25"]
[Round "11.12"]
[White "Rindlisbacher, Lars"]
[Black "Kovacevic, Aleksandar"]
[Result "1/2-1/2"]
[WhiteTitle "FM"]
[BlackTitle "GM"]
[WhiteElo "2332"]
[BlackElo "2564"]
[WhiteFideId "1304178"]
[BlackFideId "903124"]
[EventDate "2014.07.14"]

1. e4 e6 2. d4 d5 3. Nd2 c5 4. exd5 Qxd5 5. Ngf3 cxd4 6. Bc4 Qd7 7. O-O Nc6 8.
Nb3 Nf6 9. Nbxd4 Nxd4 10. Qxd4 Qxd4 11. Nxd4 Bd7 12. Bf4 Rc8 13. Bb3 Bc5 14.
Rad1 O-O 15. Nf3 Bb5 16. Rfe1 Rfd8 17. c3 Rxd1 18. Rxd1 Kf8 19. Ne5 Ke7 20. a4
Be8 21. Kf1 a5 22. Nc4 Nd5 23. Bg3 Ra8 24. Bh4+ f6 25. Re1 Kf7 26. Bg3 b5 27.
Nd6+ Bxd6 28. Bxd5 exd5 29. Bxd6 bxa4 30. Re7+ Kg6 31. Ke2 Bb5+ 32. Ke3 Re8 1/2-1/2

[Event "47th Biel Master Open"]
[Site "Biel SUI"]
[Date "2014.07.25"]
[Round "11.13"]
[White "Gallagher, Joseph G."]
[Black "Moeldner, Juergen"]
[Result "1-0"]
[WhiteTitle "GM"]
[WhiteElo "2484"]
[BlackElo "2229"]
[WhiteFideId "1303422"]
[BlackFideId "4613694"]
[EventDate "2014.07.14"]

1. e4 d5 2. exd5 Qxd5 3. Nc3 Qa5 4. d4 Nf6 5. Bc4 c6 6. Bd2 Qb6 7. Nf3 Bf5 8.
Qe2 e6 9. O-O-O Nbd7 10. Nh4 Bg6 11. Nxg6 hxg6 12. Bxe6 fxe6 13. Qxe6+ Kd8 14.
Bg5 Bb4 15. Na4 Qc7 16. Nc5 Re8 17. Qf7 Nf8 18. Bxf6+ gxf6 19. Nxb7+ Kc8 20.
Qxe8+ Kxb7 21. Qe3 Rb8 22. d5 Bd6 23. Qf3 c5 24. Qxf6 Ka8 25. Rhe1 Nd7 26. Qc3
c4 27. Re4 Bf4+ 28. Kb1 Be5 29. d6 Qc5 30. Red4 a6 31. f4 Bf6 32. a3 Bxd4 33.
Rxd4 Nb6 34. d7 Rd8 35. b4 Qc6 36. Qe3 Rxd7 37. Rxd7 Nxd7 38. g4 Kb7 39. h4 Qd5
40. Kb2 Nb6 41. Qe7+ Nd7 42. Qg7 Qd6 43. h5 gxh5 44. gxh5 Qf6+ 45. Qxf6 Nxf6 46.
h6 Kc6 47. a4 Kd5 48. a5 Kc6 49. c3 Nh7 50. Kc2 Nf6 51. Kd2 Kd5 52. Ke2 Ke6 53.
b5 Kf7 54. bxa6 1-0